00759nam a22001577a 450000500170000000800410001702000180005805000080007610000030008424500480008725000120013526000510014730000290019850000200022750503540024720240724110037.0240724b ||||| |||| 00| 0 eng d a9781859416242 aREF  aQ and A : equity and trusts /cMartin Dixon a3rd ed. aLondon :bCavendish Publishing Limited,c2001. axxviii, 295 p. :c22 cm. aIncludes index. aContents : The creation of trusts -- Secrets trusts -- The inherent attributes of a trust : the three certainties and the beneficiary principle -- The law of charities -- Resulting trusts -- Constructive trusts 2 : the liability of strangers to the trust -- The law of tracing -- Breach of trust -- The office of trustee and its powers and duties.